00410nam a2200133 a 450000500170000000800410001705000220005810000140008024500210009444000210011565000090013699900190014595201120016420140414132055.0100520s19uu xx 00 eng d aREF 985bY57 2000 aYip, Dora aWelcome to Peru. aEyewitness books aPeru c114292d114292 001040aMUbMUcREFd2010-05-20eDonationl0oREF 985 Y57 2000pM6090r2014-04-14 00:00:00w2014-04-14yBK